Auguste Rodin (Record no. 101016)

MARC details
000 -LEADER
campo de control de longitud fija 00567nam a2200193 i 4500
001 - NÚMERO DE CONTROL
campo de control 101016
003 - IDENTIFICADOR DE NÚMERO DE CONTROL
campo de control ES-MaACL
005 - FECHA Y HORA DE LA ÚLTIMA TRANSACCIÓN
campo de control 20250828063249.0
007 - CAMPO FIJO DE DESCRIPCIÓN FÍSICA--INFORMACIÓN GENERAL
campo de control de longitud fija t|
008 - DATOS DE LONGITUD FIJA--INFORMACIÓN GENERAL
campo de control de longitud fija 051010s1918 fr ||||1| fre d
100 1# - ENTRADA PRINCIPAL--NOMBRE DE PERSONA
Nombre de persona Mauclair, Camille,
Fechas asociadas al nombre 1872-1945
9 (RLIN) 79178
245 10 - MENCIÓN DEL TÍTULO
Título Auguste Rodin
Resto del título : l'homme et l'oeuvre /
Mención de responsabilidad, etc. Camille Mauclair.
260 ## - PUBLICACIÓN, DISTRIBUCIÓN, ETC.
Lugar de publicación, distribución, etc. Paris :
Nombre del editor, distribuidor, etc. La Renaissance du livre,
Fecha de publicación, distribución, etc. 1918.
300 ## - DESCRIPCIÓN FÍSICA
Extensión VIII, 136 p. ;
Dimensiones 19 cm.
600 14 - PUNTO DE ACCESO ADICIONAL DE MATERIA--NOMBRE DE PERSONA
Nombre de persona Rodin, Auguste.
9 (RLIN) 98144
852 ## - LOCALIZACIÓN
Ubicación ES-MaACL
Número de control de estantería G-8810
852 ## - LOCALIZACIÓN
Ubicación ES-MaACL
Número de control de estantería F-6891
Holdings
Estatus retirado Estado de pérdida Estado de daño No para préstamo Biblioteca de origen Biblioteca actual Ubicación en estantería Fecha de adquisición Fuente de adquisición Total de préstamos Signatura topográfica completa Código de barras Visto por última vez Precio de reemplazo Tipo de ítem Koha
        Biblioteca del Ateneo de Madrid Biblioteca del Ateneo de Madrid Depósito 2 17/01/2008     F-6891 1105469 23/02/2023 23/02/2023 Libro impreso
        Biblioteca del Ateneo de Madrid Biblioteca del Ateneo de Madrid Sala Pecera Planta 3 17/01/2008     G-8810 1105468 23/02/2023 23/02/2023 Libro impreso